Deep-sea vents : living worlds without sun /

Describes the discovery and investigation of openings in the ocean floor where heated water escapes and examines the new life forms and other phenomena that have been found there.

Bibliographic Details
Main Author: Waters, John F., 1930-2012
Format: Book
Language:English
Published: New York : Cobblehill Books, [1994]
Edition:1st ed.
Subjects:

MARC

Tag First Indicator Second Indicator Subfields
LEADER 00000cam a2200000 a 4500
001 in00001406796
005 20151020072932.0
008 921113s1994 nyua j 001 0 eng
010 |a  92041111  
020 |a 0525651454 :  |c $14.99 
035 |a (OCoLC)27643236 
035 |9 AHQ3752AM 
040 |a DLC  |c DLC  |d UtOrBLW 
049 |a TXAG 
050 0 0 |a GB1198  |b .W35 1994 
082 0 0 |a 551.46/08  |2 20 
100 1 |a Waters, John F.,  |d 1930-2012. 
245 1 0 |a Deep-sea vents :  |b living worlds without sun /  |c John F. Waters. 
250 |a 1st ed. 
264 1 |a New York :  |b Cobblehill Books,  |c [1994] 
264 4 |c ©1994 
300 |a 48 pages :  |b color illustrations ;  |c 24 cm. 
336 |a text  |b txt  |2 rdacontent 
337 |a unmediated  |b n  |2 rdamedia 
338 |a volume  |b nc  |2 rdacarrier 
500 |a Includes index. 
520 |a Describes the discovery and investigation of openings in the ocean floor where heated water escapes and examines the new life forms and other phenomena that have been found there. 
650 0 |a Hydrothermal vents  |x Juvenile literature. 
650 0 |a Hydrothermal vent ecology  |x Juvenile literature. 
650 0 |a Hydrothermal vent animals  |x Juvenile literature. 
650 1 |a Hydrothermal vents. 
650 1 |a Oceanography. 
650 1 |a Marine biology. 
999 |a MARS 
999 f f |s fa057f86-d091-3a20-b34f-73849809b7c6  |i 60c955b6-7fa8-354d-926d-8c054c5890be  |t 0 
952 f f |p ric  |a Texas A&M University  |b Rellis Campus  |c Joint Library Facility  |d Remote Storage  |t 0  |e GB1198 .W35 1994  |h Library of Congress classification  |i unmediated -- volume  |m A14822234397 
998 f f |a GB1198 .W35 1994  |t 0  |l Remote Storage